000
00332 a2200157 4500
001
61938
020
_a
9780194244558
040
_c
Anchieta - Pituba
100
_a
Huizenga, Jann
240
1
0
_a
Revolution
_l
Ing
245
1
0
_a
Revolution
300
_a
76
362
0
_a
2006
650
4
_a
Literatura juvenil em inglês
942
_c
BK
999
_c
61938
_d
61938